Organy organizacji międzynarodowych - Statystyki

Ogólne statystyki
  • Ten quiz został rozwiązany 35 razy
  • Średni wynik to 4 z 14
Statystyki odpowiedzi
Hint Odpowiedź % Poprawnych
ONZ Rada Bezpieczeństwa
89%
UE Komisja Europejska
56%
UE Parlament Europejski
56%
UE Rada Unii Europejskiej
50%
UE Rada Europejska
44%
ONZ Sekretariat ONZ
22%
ONZ Międzynarodowy Trybunał Sprawiedliwości
17%
ONZ Rada Gospodarcza i Społeczna
11%
NATO Rada Północnoatlantycka
6%
UE Trybunał Sprawiedliwości UE
6%
NATO Grupa Planowania Nuklearnego
0%
NATO Komitet Wojskowy
0%
ONZ Rada Praw Człowieka
0%
NATO Sekretariat Międzynarodowy
0%
Nie znaleziono quizów pasujących do podanych kryteriów
Rozkład punktacji
Procent ludzi z każdym wynikiem
Percentyl według liczby udzielonych odpowiedzi
Twoja historia wyników
Nie rozwiązałeś tego quizu